Derecho agrario

Na minha lista:
Detalhes bibliográficos
Autor principal: Carrejo, Simón (Autor)
Formato: Livro
Idioma:espanhol
Publicado em: Bogotá Universidad Externado de Colombia 1966
Assuntos:
Tags: Adicionar Tag
Sem tags, seja o primeiro a adicionar uma tag!

MARC

LEADER 00000nam a2200000 a 4500
001 UCS2109
003 CL-VaPUC
008 970516e19660000CK |||||||||||||||||spa|d
082 0 4 |a 343.076  |b CAR  |2 21 
100 0 |a Carrejo, Simón  |e author  |9 387162 
245 1 0 |a Derecho agrario 
300 |a 442 p 
942 |c BK 
945 |d 19970516 00:00:00  |a paguirre 
260 |a Bogotá  |b Universidad Externado de Colombia  |c 1966 
650 7 |a DERECHO AGRARIO  |2 CL-VaPUC  |9 321361 
650 0 |a REFORMA AGRARIA  |9 256789 
650 7 |a DERECHO AGRARIO  |2 CL-VaPUC  |9 321361 
650 7 |a PROPIEDAD AGRARIA  |2 CL-VaPUC  |9 370068 
650 0 |a Jurisprudencia  |9 255952 
583 |a last modification  |c 19970516 00:00:00  |k Rodrigo Vera 
999 |c 260102  |d 260100 
952 |0 0  |1 0  |4 0  |6 343_076000000000000_CAR_1966  |7 0  |8 A  |9 285711  |a BIBDER  |b BIBDER  |d 2019-11-19  |i 1857541  |o 343.076 CAR 1966  |p 1857541  |r 2023-01-25  |w 2019-11-19  |y BK  |k DER